| 000 | 01710cam a2200349 4500 | ||
|---|---|---|---|
| 001 | gs 67000304 | ||
| 003 | DLC | ||
| 005 | 20260227111421.0 | ||
| 008 | 691211s1968 dcuab b 000 0 eng c | ||
| 010 | _ags 67000304 | ||
| 040 |
_aU.S. Geological Survey Library _cDLC _dDLC |
||
| 043 | _an-us-ms | ||
| 050 | 0 | 0 |
_aTC801 _b.U2 no. 1856 |
| 051 |
_aGB705.M7 _bN4 |
||
| 082 | 0 | 0 | _a628/.1/0976213 |
| 100 | 1 |
_aNewcome, Roy, _d1925- |
|
| 245 | 1 | 0 |
_aWater for the growing needs of Harrison County, Mississippi : _bas evaluation of the potential of streams and aquifers to satisfy the growing industrial and municipal water needs of an expanding economy on Mississippi's gulf coast / _cby Roy Newcome, Jr., D. E. Shattles, and C. P. Humphreys, Jr. |
| 260 |
_aWashington : _bGovt. Print. Off., _c1968. |
||
| 300 |
_avi, 106 p. : _bill., maps ; _c24 cm. |
||
| 440 | 0 |
_aGeological Survey water-supply paper ; _v1856 |
|
| 500 | _aPart of illustrative matter fold. in pocket. | ||
| 500 | _a"Prepared in cooperation with the Harrison County Development Commission and the Harrison County Board of Supervisors." | ||
| 501 | _aTC801.U2 no. 1856 with: Ground-water levels in the United States, 1961-65. Southeastern states / prepared under the direction of C. L. McGuinness. Washington : Govt. Print. Off., 1968. | ||
| 504 | _aBibliography: p. 102-106. | ||
| 650 | 0 |
_aWater-supply _zMississippi _zHarrison County. |
|
| 650 | 0 |
_aHydrology _zMississippi _zHarrison County. |
|
| 650 | 0 |
_aWater _xAnalysis. |
|
| 700 | 1 |
_aShattles, Donald E., _d1933- |
|
| 700 | 1 |
_aHumphreys, Carney P., _d1929- |
|
| 710 | 1 |
_aHarrison County (Miss.). _bDevelopment Commission. |
|
| 710 | 1 |
_aHarrison County (Miss.). _bBoard of Supervisors. |
|
| 999 |
_c30386 _d30386 |
||